[Event "AUTO-OPEN-331"]
[Site "http://www.queenalice.com/game.php?id=87576"]
[Date "2006.7.19"]
[Round "1"]
[White "aknightout"]
[Black "Anna_Goldberg"]
[Result "1-0"]
[WhiteElo "2016"]
[BlackElo "1709"]

1. Nf3 Nf6 2. d3 d5 3. g3 Nc6 4. Bg2 e6 5. O-O Be7 6. Nbd2 O-O 7. e4 dxe4 8.
dxe4 e5 9. Re1 Bc5 10. Nc4 Qxd1 11. Rxd1 Bg4 12. h3 Bxf3 13. Bxf3 h6 14. a3 Rad8
15. Bd2 Rfe8 16. b4 Bd6 17. c3 b5 18. Nxd6 cxd6 19. Be3 a6 20. Rd2 Re7 21. a4
Rb7 22. a5 g5 23. Rad1 Ne8 24. Bg4 Kg7 25. h4 f6 26. hxg5 fxg5 27. Bh5 Nf6 28.
Bf3 g4 29. Bg2 Ne8 30. f3 h5 31. Bb6 Rdd7 32. Rd3 Ne7 33. f4 exf4 34. gxf4 Nc8
35. Bd4+ Kf7 36. e5 1-0

[Event "Challenge"]
[Site "http://www.queenalice.com/game.php?id=94196"]
[Date "2006.8.9"]
[Round "-"]
[White "LittleBigHorse"]
[Black "Anna_Goldberg"]
[Result "1-0"]
[WhiteElo "1808"]
[BlackElo "1656"]

1. c4 Nf6 2. Nc3 e5 3. Nf3 Nc6 4. g3 g6 5. Bg2 Bg7 6. O-O O-O 7. d3 Re8 8. Bg5
a6 9. e3 d6 10. Rb1 Be6 11. b4 Qd7 12. Qc2 Rac8 13. Bxf6 Bxf6 14. Ne4 Bg7 15.
Neg5 h6 16. Nxe6 Qxe6 17. Rfd1 Na7 18. Nd2 c6 19. Nb3 f5 20. e4 b5 21. c5 1-0

[Event "Challenge"]
[Site "http://www.queenalice.com/game.php?id=95284"]
[Date "2006.8.13"]
[Round "-"]
[White "bohinky"]
[Black "Anna_Goldberg"]
[Result "1-0"]
[WhiteElo "1857"]
[BlackElo "1718"]

1. d4 d5 2. c4 e6 3. Nc3 Nf6 4. cxd5 Nxd5 5. e4 Nxc3 6. bxc3 c5 7. Nf3 cxd4 8.
cxd4 Bb4+ 9. Bd2 Bxd2+ 10. Qxd2 O-O 11. Bc4 Nc6 12. O-O Na5 13. Bd3 b6 14. Rac1
Bb7 15. Rc3 Rc8 16. Rfc1 Rxc3 17. Rxc3 f5 18. Qc2 fxe4 19. Bxe4 Bxe4 20. Qxe4
Qd6 21. Ng5 g6 22. Qxe6+ Qxe6 23. Nxe6 Re8 24. d5 Nb7 25. h4 h5 26. Rc7 Nc5 27.
Rg7+ Kh8 28. Rxg6 1-0

[Event "AUTO-ADV-234"]
[Site "http://www.queenalice.com/game.php?id=98500"]
[Date "2006.8.22"]
[Round "1"]
[White "Bongski"]
[Black "Anna_Goldberg"]
[Result "1-0"]
[WhiteElo "1941"]
[BlackElo "1563"]

1. e4 c5 2. Nf3 d6 3. d4 cxd4 4. Nxd4 Nf6 5. Nc3 e5 6. Ndb5 a6 7. Na3 Nc6 8. Bg5
Be7 9. Bxf6 Bxf6 10. Nd5 O-O 11. c3 b5 12. Nc2 Be6 13. Nce3 g6 14. Nxf6+ Qxf6
15. Qxd6 Rac8 16. Nd5 Qg7 17. Be2 f5 18. Qxe6+ 1-0

[Event "AUTO-ADV-234"]
[Site "http://www.queenalice.com/game.php?id=98501"]
[Date "2006.8.22"]
[Round "1"]
[White "Anna_Goldberg"]
[Black "Bongski"]
[Result "0-1"]
[WhiteElo "1561"]
[BlackElo "1943"]

1. d4 Nf6 2. c4 g6 3. Nc3 Bg7 4. g3 O-O 5. Bg2 c6 6. e4 d6 7. f4 Bg4 8. Qd3 Na6
9. a3 Re8 10. Nf3 Nd7 11. Be3 e5 12. fxe5 dxe5 13. d5 Nac5 14. Qc2 f5 15. O-O-O
fxe4 16. Nxe4 Nxe4 17. Qxe4 Nf6 18. Qb1 cxd5 0-1

[Event "AUTO-ADV-234"]
[Site "http://www.queenalice.com/game.php?id=98514"]
[Date "2006.8.22"]
[Round "1"]
[White "Anna_Goldberg"]
[Black "li2carpio"]
[Result "0-1"]
[WhiteElo "1593"]
[BlackElo "1837"]

1. d4 d5 2. c4 c6 3. Nc3 h6 4. Nf3 Nf6 5. e3 Bg4 6. cxd5 Nxd5 7. Be2 e6 8. a3
Bd6 9. Ne4 Bc7 10. O-O g5 11. Bd2 f5 12. Nc5 Qc8 13. Nd3 Nd7 14. b4 a6 15. h3
Bh5 16. Nh2 Bg6 17. Bh5 Bxh5 18. g4 fxg4 0-1

[Event "AUTO-ADV-234"]
[Site "http://www.queenalice.com/game.php?id=98515"]
[Date "2006.8.22"]
[Round "1"]
[White "li2carpio"]
[Black "Anna_Goldberg"]
[Result "1-0"]
[WhiteElo "1830"]
[BlackElo "1600"]

1. e4 c5 2. Nf3 d6 3. Bc4 Nf6 4. Nc3 Nc6 5. h3 e6 6. d4 d5 7. exd5 exd5 8. Bb5
cxd4 9. Nxd4 Qd6 10. Be3 Bd7 11. Qd2 Be7 12. O-O-O a6 13. Ba4 b5 14. Bb3 Na5 15.
Bf4 Nxb3+ 16. Nxb3 Qb6 17. Nxd5 Nxd5 18. Qxd5 1-0

[Event "AUTO-ADV-234"]
[Site "http://www.queenalice.com/game.php?id=98516"]
[Date "2006.8.22"]
[Round "1"]
[White "Anna_Goldberg"]
[Black "razoman"]
[Result "0-1"]
[WhiteElo "1718"]
[BlackElo "1885"]

1. d4 Nf6 2. c4 e6 3. Nc3 d5 4. Nf3 Be7 5. e3 c6 6. Be2 Nbd7 7. O-O O-O 8. cxd5
cxd5 9. a4 a6 10. b3 Bb4 11. Na2 Bd6 12. b4 Ne4 13. a5 b5 14. axb6 Qxb6 15. Qb3
a5 16. b5 a4 17. Qc2 Ndf6 18. Nd2 Bd7 19. Nxe4 Nxe4 20. f3 Rac8 21. Qxa4 Nc3 22.
Nxc3 Rxc3 23. Rb1 Rfc8 24. Qa6 Qc7 25. Bb2 Rxe3 26. Rfc1 Qb8 27. Rxc8+ Bxc8 0-1

[Event "AUTO-ADV-234"]
[Site "http://www.queenalice.com/game.php?id=98517"]
[Date "2006.8.22"]
[Round "1"]
[White "razoman"]
[Black "Anna_Goldberg"]
[Result "1-0"]
[WhiteElo "1827"]
[BlackElo "1666"]

1. e4 c5 2. Nf3 d6 3. Bc4 Nf6 4. h3 Nxe4 5. O-O d5 6. Bb5+ Bd7 7. Bxd7+ Nxd7 8.
d3 Nef6 9. Nc3 e5 10. Re1 Bd6 11. Bf4 Qe7 12. Nb5 Bb8 13. Qd2 b6 14. d4 cxd4 15.
Nfxd4 Ne4 16. Nf5 Nxd2 17. Nxe7 Nf3+ 18. gxf3 Kxe7 19. Rad1 a6 20. Nc3 d4 21.
Nd5+ Ke6 22. Rxd4 f6 23. Bg3 Kf7 24. Rdd1 b5 25. Nb4 Nb6 26. b3 g5 27. Nd5 Nxd5
28. Rxd5 Ke6 29. Red1 Ra7 30. c4 bxc4 31. bxc4 h5 32. Rd8 Rxd8 33. Rxd8 Bd6 34.
h4 a5 35. hxg5 fxg5 36. Rg8 h4 37. Bh2 1-0

[Event "AUTO-ADV-244"]
[Site "http://www.queenalice.com/game.php?id=102903"]
[Date "2006.9.5"]
[Round "1"]
[White "Moe"]
[Black "Anna_Goldberg"]
[Result "1-0"]
[WhiteElo "1913"]
[BlackElo "1694"]

1. e4 c5 2. Bc4 e6 3. d4 d5 4. exd5 exd5 5. Bb5+ Bd7 6. Bxd7+ Nxd7 7. Nf3 Ngf6
8. O-O Be7 9. Bg5 O-O 10. dxc5 Bxc5 11. Nc3 Qb6 12. Nxd5 Qxb2 13. Rb1 Qxa2 14.
Nxf6+ Nxf6 15. Bxf6 gxf6 16. Rb3 Qa6 17. Nd4 Rad8 18. Qg4+ Kh8 19. Rh3 Rg8 20.
Qh5 Rg7 21. Nf5 1-0

[Event "AUTO-ADV-244"]
[Site "http://www.queenalice.com/game.php?id=102904"]
[Date "2006.9.5"]
[Round "1"]
[White "Anna_Goldberg"]
[Black "Moe"]
[Result "0-1"]
[WhiteElo "1687"]
[BlackElo "1897"]

1. d4 g6 2. c4 Bg7 3. Nf3 d5 4. e3 Bg4 5. Nc3 e6 6. cxd5 exd5 7. Be2 Ne7 8. O-O
O-O 9. Bd2 Nd7 10. h3 Bxf3 11. Bxf3 c6 12. Rc1 Nf5 13. Rc2 Nh4 14. Be2 Nf5 15.
a4 a5 16. Bc1 Nd6 17. b3 b6 18. Ba3 Qc7 19. Bf3 Rfe8 20. Nxd5 Qb8 0-1

[Event "AUTO-ADV-244"]
[Site "http://www.queenalice.com/game.php?id=102911"]
[Date "2006.9.5"]
[Round "1"]
[White "mennecy91"]
[Black "Anna_Goldberg"]
[Result "1-0"]
[WhiteElo "1875"]
[BlackElo "1605"]

1. c4 e5 2. g3 g6 3. Bg2 Bg7 4. Nc3 Ne7 5. d3 O-O 6. e4 a6 7. Nge2 d6 8. h3 c5
9. O-O Bd7 10. f4 Nbc6 11. Be3 Qc8 12. g4 Rb8 13. Ng3 b5 14. Nd5 Nxd5 15. cxd5
1-0

[Event "AUTO-ADV-244"]
[Site "http://www.queenalice.com/game.php?id=102912"]
[Date "2006.9.5"]
[Round "1"]
[White "Anna_Goldberg"]
[Black "mennecy91"]
[Result "0-1"]
[WhiteElo "1705"]
[BlackElo "1833"]

1. d4 f5 2. c4 Nf6 3. Nc3 g6 4. Nf3 Bg7 5. e3 d6 6. Bd3 O-O 7. b4 c6 8. O-O Qe8
9. a4 e5 10. dxe5 dxe5 11. Bb1 e4 12. Nd2 Ng4 13. Qc2 Qe5 14. g3 Qxc3 0-1